Impact of government policies and programmes on economically weak women (Record no. 501544)

000 -LEADER
fixed length control field 00449cam a22001337a 4500
008 - FIXED-LENGTH DATA ELEMENTS--GENERAL INFORMATION
fixed length control field 180718b1991 xxu||||| |||| 00| 0 eng d
082 ## - DEWEY DECIMAL CLASSIFICATION NUMBER
Classification number APPPA 90-91 BAS/S
100 ## - MAIN ENTRY--PERSONAL NAME
Personal name Basu, Sunipa
245 ## - TITLE STATEMENT
Title Impact of government policies and programmes on economically weak women
Statement of responsibility, etc. by Sunipa Basu
260 ## - PUBLICATION, DISTRIBUTION, ETC.
Place of publication, distribution, etc. New Delhi
Name of publisher, distributor, etc. Indian Institute of Public Administration
Date of publication, distribution, etc. 1991
300 ## - PHYSICAL DESCRIPTION
Extent 196+p.
650 ## - SUBJECT ADDED ENTRY--TOPICAL TERM
Topical term or geographic name entry element Programmes-Women
650 ## - SUBJECT ADDED ENTRY--TOPICAL TERM
Topical term or geographic name entry element Government policies-Women
Holdings
Withdrawn status Lost status Damaged status Not for loan Permanent Location Current Location Date acquired Full call number Barcode Date last seen Price effective from Koha item type
        Indian Institute of Public Administration Indian Institute of Public Administration 2018-08-04 APPPA 90-91 BAS/S GR12435 2018-08-04 2018-08-04 GR

Powered by Koha